000 00384nam a2200157Ia 4500
008 151213s9999 xx 000 0 und d
100 _aMafz Usry
245 _aCost Accounting . Planning & Contract
_cMafz Usry
250 _a8th
260 _aOhio
_bSoutha Westen
_c1984
300 _a4253 p.
650 _aAccounting
650 _aAccounting
700 _aMafz Usry
999 _c2677
_d2677